[Event "Guernsey Open 48th"]
[Site "Guernsey"]
[Date "2024.10.16"]
[Round "4"]
[White "Dilleigh, Stephen P"]
[Black "Giulian, Philip M"]
[Result "1/2-1/2"]
[WhiteElo "2029"]
[BlackElo "2059"]
[PlyCount "70"]
[EventDate "2024.10.13"]
[EventType "swiss"]
[EventRounds "7"]
[EventCountry "GCI"]
[SourceTitle "BritBase"]
[Source "John Saunders"]
[SourceDate "2024.12.27"]
[SourceVersion "1"]
[SourceVersionDate "2024.12.27"]
[SourceQuality "1"]

1. Nf3 d5 2. d4 Nf6 3. c4 c6 4. Nc3 a6 5. e3 b5 6. b3 Bg4 7. Be2 e6 8. O-O Nbd7 9. h3 Bh5 10. Bb2 Bd6 11. Ne5 Bxe2 12. Nxe2 Qc7 13. cxd5 cxd5 14. Rc1 Qb8 15. Nxd7 Kxd7 16. f3 Qb7 17. Nf4 Bxf4 18. exf4 Nh5 19. Qd2 Ng3 20. Rfe1 Rhc8 21. Rc5 g6 22. Rec1 Nf5 23. Ba3 Rxc5 24. dxc5 Kc6 25. Bb2 b4 26. Bf6 h5 27. g4 hxg4 28. fxg4 Ng3 29. Be5 Qb5 30. Re1 Rc8 31. Bd4 Ne4 32. Qe3 Qa5 33. Re2 Qd8 34. Qd3 Ra8 35. g5 Qd7 1/2-1/2

[Event "Guernsey Open 48th"]
[Site "Guernsey"]
[Date "2024.10.16"]
[Round "4"]
[White "Johnsen, Gunnar"]
[Black "Thurlow, Kevin J"]
[Result "1-0"]
[WhiteElo "2071"]
[BlackElo "2002"]
[PlyCount "89"]
[EventDate "2024.10.13"]
[EventType "swiss"]
[EventRounds "7"]
[EventCountry "GCI"]
[SourceTitle "BritBase"]
[Source "John Saunders"]
[SourceDate "2024.12.27"]
[SourceVersion "1"]
[SourceVersionDate "2024.12.27"]
[SourceQuality "1"]

1. d4 Nf6 2. Nf3 e6 3. c4 b6 4. Nc3 Bb7 5. Bg5 d5 6. cxd5 exd5 7. Qa4+ c6 8. e3 Be7 9. Be2 O-O 10. O-O Nbd7 11. Rfd1 Ne4 12. Bxe7 Qxe7 13. Rac1 f5 14. Ba6 Bxa6 15. Qxa6 f4 16. exf4 Rxf4 17. Qb7 Raf8 18. Qxc6 Rxf3 19. Qxd5+ R3f7 20. Nxe4 Kh8 21. Rc7 Qh4 22. Rxd7 Rxd7 23. Qxd7 Qxe4 24. Qb5 Qc2 25. Rf1 Qd2 26. d5 Rd8 27. h3 h6 28. Qa4 Rxd5 29. Qxa7 Ra5 30. Qxb6 Rxa2 31. b4 Rb2 32. b5 Qb4 33. Qd8+ Kh7 34. Qd3+ Kg8 35. Rc1 Qxb5 36. Rc8+ Kf7 37. Rc7+ Kg8 38. Qg3 Rb1+ 39. Kh2 Qb2 40. Rc8+ Kf7 41. Qf4+ Ke7 42. Rc7+ Ke6 43. Qe4+ Kf6 44. Rc6+ Kf7 45. Qe6+ 1-0

[Event "Guernsey Open 48th"]
[Site "Guernsey"]
[Date "2024.10.16"]
[Round "4"]
[White "Toma, Katarzyna"]
[Black "Agustsson, Hafsteinn"]
[Result "1-0"]
[WhiteElo "2165"]
[BlackElo "1763"]
[PlyCount "57"]
[EventDate "2024.10.13"]
[EventType "swiss"]
[EventRounds "7"]
[EventCountry "GCI"]
[SourceTitle "BritBase"]
[Source "John Saunders"]
[SourceDate "2024.12.27"]
[SourceVersion "1"]
[SourceVersionDate "2024.12.27"]
[SourceQuality "1"]

1. e4 c5 2. Nf3 Nc6 3. d4 cxd4 4. Nxd4 Nf6 5. Nc3 e5 6. Ndb5 d6 7. Nd5 Nxd5 8. exd5 Nb8 9. c4 Be7 10. Be2 O-O 11. O-O Nd7 12. Rb1 f5 13. f3 Nf6 14. b4 Bd7 15. Nc3 a6 16. Be3 f4 17. Bf2 Bf5 18. Bd3 g6 19. c5 Bxd3 20. Qxd3 Rc8 21. Rfd1 Rf7 22. Na4 Nd7 23. Rbc1 dxc5 24. bxc5 Qa5 25. Nb6 Nxc5 26. Qb1 Rd8 27. d6 Rxd6 28. Rxd6 Bxd6 29. Nc4 1-0

[Event "Guernsey Open 48th"]
[Site "Guernsey"]
[Date "2024.10.16"]
[Round "4"]
[White "Canonne, Antoine"]
[Black "Kirby, Peter J"]
[Result "0-1"]
[WhiteElo "1910"]
[BlackElo "1998"]
[PlyCount "90"]
[EventDate "2024.10.13"]
[EventType "swiss"]
[EventRounds "7"]
[EventCountry "GCI"]
[SourceTitle "BritBase"]
[Source "John Saunders"]
[SourceDate "2024.12.27"]
[SourceVersion "1"]
[SourceVersionDate "2024.12.27"]
[SourceQuality "1"]

1. e4 c5 2. Nf3 d6 3. Bb5+ Bd7 4. Bxd7+ Qxd7 5. O-O Nc6 6. Re1 Nf6 7. c3 e6 8. d4 cxd4 9. cxd4 d5 10. exd5 Nxd5 11. Nc3 Be7 12. Nxd5 Qxd5 13. Be3 O-O 14. a3 Na5 15. b4 Nc4 16. Nd2 Rac8 17. Nxc4 Rxc4 18. Rc1 Rfc8 19. Qd2 a6 20. Rxc4 Rxc4 21. Rc1 Qc6 22. Rxc4 Qxc4 23. Qc1 Qxc1+ 24. Bxc1 Bf6 25. Be3 Kf8 26. Kf1 Ke7 27. Ke2 Kd6 28. Kd3 Kd5 29. a4 b5 30. axb5 axb5 31. g3 g6 32. f3 g5 33. Bf2 h5 34. h3 Be7 35. Be1 f5 36. Bd2 g4 37. fxg4 fxg4 38. h4 Bd6 39. Be1 Bc7 40. Bf2 Bb8 41. Ke3 e5 42. dxe5 Bxe5 43. Kd3 Bc7 44. Bc5 Bxg3 45. Be7 Bd6 0-1

[Event "Guernsey Open 48th"]
[Site "Guernsey"]
[Date "2024.10.16"]
[Round "4"]
[White "Krueger, Norbert"]
[Black "Heppell, Ian N"]
[Result "1/2-1/2"]
[WhiteElo "2032"]
[BlackElo "1930"]
[PlyCount "30"]
[EventDate "2024.10.13"]
[EventType "swiss"]
[EventRounds "7"]
[EventCountry "GCI"]
[SourceTitle "BritBase"]
[Source "John Saunders"]
[SourceDate "2024.12.27"]
[SourceVersion "1"]
[SourceVersionDate "2024.12.27"]
[SourceQuality "1"]

1. e4 e5 2. Bc4 Nf6 3. d3 Nc6 4. Nc3 Bb4 5. Nf3 d5 6. exd5 Nxd5 7. O-O Be6 8. Nxd5 Bxd5 9. Bb3 O-O 10. Be3 Be7 11. Re1 Re8 12. Qe2 Bf6 13. Nd2 a5 14. Bxd5 Qxd5 15. Ne4 Be7 1/2-1/2

[Event "Guernsey Open 48th"]
[Site "Guernsey"]
[Date "2024.10.16"]
[Round "4"]
[White "Hoogakker, Peter"]
[Black "Curtis, John E"]
[Result "0-1"]
[WhiteElo "1907"]
[BlackElo "2021"]
[PlyCount "112"]
[EventDate "2024.10.13"]
[EventType "swiss"]
[EventRounds "7"]
[EventCountry "GCI"]
[SourceTitle "BritBase"]
[Source "John Saunders"]
[SourceDate "2024.12.27"]
[SourceVersion "1"]
[SourceVersionDate "2024.12.27"]
[SourceQuality "1"]

1. e4 d6 2. d4 Nf6 3. Nc3 e5 4. Bc4 Be7 5. Nf3 Nbd7 6. O-O Nb6 7. Bb3 exd4 8. Nxd4 c5 9. Nf3 c4 10. Ba4+ Nxa4 11. Nxa4 d5 12. Nc3 dxe4 13. Qxd8+ Bxd8 14. Ng5 Bf5 15. Ngxe4 O-O 16. Nd6 Bxc2 17. Nxb7 Bb6 18. Re1 Ng4 19. Be3 Nxe3 20. fxe3 Rfe8 21. Nd5 Re6 22. b4 cxb3 23. axb3 Bxb3 24. Nxb6 Rxb6 25. Nc5 Be6 26. Red1 g6 27. Nxe6 Rxe6 28. Rd3 a5 29. Kf2 Kg7 30. Ra4 Re5 31. e4 Rb5 32. Ke3 Kf6 33. Rc3 Ra6 34. Rc2 Ke5 35. Rc7 Ke6 36. Rc2 Ra7 37. Kf4 g5+ 38. Ke3 Ke5 39. Rc3 h5 40. g3 f6 41. h4 gxh4 42. gxh4 Rg7 43. Rac4 Rg3+ 44. Kd2 Rb2+ 45. Kc1 Rxc3+ 46. Rxc3 Rb5 47. Rf3 Kxe4 48. Rxf6 Rf5 49. Re6+ Kf3 50. Rg6 a4 51. Rg5 Kf4 52. Rg2 Rb5 53. Kd1 a3 54. Kc1 Ra5 55. Kd1 Rc5 56. Rd2 Ra5 0-1

[Event "Guernsey Open 48th"]
[Site "Guernsey"]
[Date "2024.10.16"]
[Round "4"]
[White "Rowe, Peter"]
[Black "Collier, David O"]
[Result "1/2-1/2"]
[WhiteElo "1887"]
[BlackElo "1988"]
[PlyCount "55"]
[EventDate "2024.10.13"]
[EventType "swiss"]
[EventRounds "7"]
[EventCountry "GCI"]
[SourceTitle "BritBase"]
[Source "John Saunders"]
[SourceDate "2024.12.27"]
[SourceVersion "1"]
[SourceVersionDate "2024.12.27"]
[SourceQuality "1"]

1. d4 Nf6 2. Nf3 e6 3. Bf4 b5 4. e3 a6 5. h3 c5 6. Be2 Bb7 7. O-O cxd4 8. exd4 d6 9. c3 Be7 10. Nbd2 O-O 11. Re1 Nbd7 12. Bd3 h6 13. Qe2 Re8 14. Qf1 Nb6 15. Rac1 Rc8 16. Bb1 Nc4 17. Nxc4 bxc4 18. Nd2 Nd5 19. Be3 Nb6 20. Qe2 Bd5 21. Nf3 Qc7 22. Qc2 f5 23. Qe2 Qb7 24. Bc2 Bf8 25. Qd1 Be4 26. Bxe4 fxe4 27. Nd2 d5 28. f3 1/2-1/2

[Event "Guernsey Open 48th"]
[Site "Guernsey"]
[Date "2024.10.16"]
[Round "4"]
[White "Wager, John D"]
[Black "Matthews, Gabriel"]
[Result "1-0"]
[WhiteElo "1980"]
[BlackElo "1910"]
[PlyCount "85"]
[EventDate "2024.10.13"]
[EventType "swiss"]
[EventRounds "7"]
[EventCountry "GCI"]
[SourceTitle "BritBase"]
[Source "John Saunders"]
[SourceDate "2024.12.27"]
[SourceVersion "1"]
[SourceVersionDate "2024.12.27"]
[SourceQuality "1"]

1. Nf3 Nf6 2. b3 d5 3. Bb2 e6 4. e3 Nbd7 5. c4 c6 6. Nc3 Bd6 7. d4 O-O 8. Bd3 Re8 9. O-O dxc4 10. bxc4 e5 11. Qc2 h6 12. Nd2 a6 13. Nce4 Bb8 14. a4 Nxe4 15. Nxe4 f5 16. Nd2 e4 17. Be2 Qh4 18. g3 Qg5 19. Ra3 h5 20. f4 Qg6 21. c5 Nf6 22. Nc4 Nd5 23. Qd1 Re7 24. Kf2 Qh6 25. h4 g6 26. Qc1 Be6 27. Rb3 Qf8 28. Ba3 Qf7 29. Rb2 Kh7 30. Qc2 Rd7 31. Rfb1 Ra7 32. Rb3 Nf6 33. Bc1 Bxc4 34. Bxc4 Nd5 35. R1b2 Rc7 36. Qb1 Qd7 37. Bd2 Qc8 38. Rb6 Rg7 39. Bxd5 cxd5 40. c6 bxc6 41. Rxb8 Qd7 42. Ba5 Rb7 43. R2xb7 1-0

[Event "Guernsey Open 48th"]
[Site "Guernsey"]
[Date "2024.10.16"]
[Round "4"]
[White "Hamperl, Fred A"]
[Black "Giulian, Rosemary A"]
[Result "0-1"]
[WhiteElo "1970"]
[BlackElo "1894"]
[PlyCount "58"]
[EventDate "2024.10.13"]
[EventType "swiss"]
[EventRounds "7"]
[EventCountry "GCI"]
[SourceTitle "BritBase"]
[Source "John Saunders"]
[SourceDate "2024.12.27"]
[SourceVersion "1"]
[SourceVersionDate "2024.12.27"]
[SourceQuality "1"]

1. e4 e6 2. d4 d5 3. Nc3 dxe4 4. Nxe4 Nd7 5. Nf3 Ngf6 6. Nxf6+ Nxf6 7. Bd3 c5 8. Be3 cxd4 9. Bxd4 Be7 10. O-O O-O 11. Qe2 Qd5 12. Rfd1 Qh5 13. Rd2 b6 14. Rad1 Bb7 15. Ne5 Qxe2 16. Bxe2 Rac8 17. f3 Nd5 18. a3 Bg5 19. Rd3 Rxc2 20. Bf1 Ba6 21. Rb3 Bxf1 22. Rxf1 Rfc8 23. g3 Rd2 24. f4 Bf6 25. Bf2 Bxe5 26. fxe5 Rcc2 27. a4 h5 28. a5 Rxb2 29. Ra3 b5 0-1

[Event "Guernsey Open 48th"]
[Site "Guernsey"]
[Date "2024.10.16"]
[Round "4"]
[White "Strade, Arita"]
[Black "De Kruif, Kees"]
[Result "1-0"]
[WhiteElo "1949"]
[BlackElo "1868"]
[PlyCount "73"]
[EventDate "2024.10.13"]
[EventType "swiss"]
[EventRounds "7"]
[EventCountry "GCI"]
[SourceTitle "BritBase"]
[Source "John Saunders"]
[SourceDate "2024.12.27"]
[SourceVersion "1"]
[SourceVersionDate "2024.12.27"]
[SourceQuality "1"]

1. e4 c5 2. c3 d5 3. exd5 Qxd5 4. d4 Nf6 5. Nf3 Bg4 6. Be2 Nc6 7. c4 Qd6 8. d5 Bxf3 9. Bxf3 Nd4 10. O-O h6 11. Nc3 a6 12. Be3 Nxf3+ 13. Qxf3 g5 14. Na4 b6 15. b4 Rc8 16. bxc5 bxc5 17. Rab1 Nd7 18. Qh3 Rg8 19. f4 g4 20. Qh4 g3 21. hxg3 Qg6 22. Rb3 Qc2 23. Nb6 Nxb6 24. Rxb6 Qxc4 25. Qh3 Rd8 26. Rc1 Qxd5 27. Rxc5 Qxa2 28. Rc8 e6 29. Rxd8+ Kxd8 30. f5 Qe2 31. Qh4+ Kc8 32. Qf4 Qd1+ 33. Kf2 Qc2+ 34. Ke1 Qc3+ 35. Kd1 e5 36. Qe4 Bd6 37. Rc6+ 1-0

[Event "Guernsey Open 48th"]
[Site "Guernsey"]
[Date "2024.10.16"]
[Round "4"]
[White "Dijksterhuis, Rolf"]
[Black "Forbes, Garry"]
[Result "1-0"]
[WhiteElo "1937"]
[BlackElo "1852"]
[PlyCount "67"]
[EventDate "2024.10.13"]
[EventType "swiss"]
[EventRounds "7"]
[EventCountry "GCI"]
[SourceTitle "BritBase"]
[Source "John Saunders"]
[SourceDate "2024.12.27"]
[SourceVersion "1"]
[SourceVersionDate "2024.12.27"]
[SourceQuality "1"]

1. e4 d5 2. exd5 Nf6 3. Nf3 Bg4 4. c4 c6 5. dxc6 Nxc6 6. Be2 e5 7. d3 Be7 8. O-O O-O 9. Nc3 h6 10. a3 a5 11. Be3 Qd7 12. Qc2 Bf5 13. Rad1 Rad8 14. Ne4 Rfe8 15. Rfe1 Qc8 16. Nxf6+ Bxf6 17. Nd2 Nd4 18. Bxd4 exd4 19. Bf3 Rxe1+ 20. Rxe1 Re8 21. Ne4 Bxe4 22. Bxe4 Re7 23. b4 b6 24. Qa4 Qc7 25. g3 h5 26. h4 g6 27. Qd1 Qd6 28. Qd2 Qc7 29. Rc1 Kg7 30. c5 axb4 31. axb4 bxc5 32. bxc5 Re5 33. c6 Ra5 34. Qxa5 1-0

[Event "Guernsey Open 48th"]
[Site "Guernsey"]
[Date "2024.10.16"]
[Round "4"]
[White "Downey, Keith"]
[Black "Andrechak, Sean"]
[Result "1/2-1/2"]
[WhiteElo "1829"]
[BlackElo "1982"]
[PlyCount "51"]
[EventDate "2024.10.13"]
[EventType "swiss"]
[EventRounds "7"]
[EventCountry "GCI"]
[SourceTitle "BritBase"]
[Source "John Saunders"]
[SourceDate "2024.12.27"]
[SourceVersion "1"]
[SourceVersionDate "2024.12.27"]
[SourceQuality "1"]

1. c4 c5 2. Nf3 g6 3. d4 Bg7 4. e4 Nc6 5. d5 Ne5 6. Nxe5 Bxe5 7. Be2 d6 8. O-O f5 9. exf5 Bxf5 10. Nc3 a6 11. Be3 Bg7 12. Qd2 Qd7 13. a4 h5 14. a5 Bxc3 15. Qxc3 Nf6 16. Bd3 Kf7 17. Rae1 Rae8 18. Qc2 Bxd3 19. Qxd3 e6 20. Bg5 exd5 21. Bxf6 Kxf6 22. Qxd5 Qc6 23. Qd2 Kg7 24. Qc3+ Kh7 25. Qf6 Qd7 26. Rxe8 1/2-1/2

[Event "Guernsey Open 48th"]
[Site "Guernsey"]
[Date "2024.10.16"]
[Round "4"]
[White "Marceil, Jean"]
[Black "Waddington, Mike P"]
[Result "1/2-1/2"]
[WhiteElo "1862"]
[BlackElo "1988"]
[PlyCount "116"]
[EventDate "2024.10.13"]
[EventType "swiss"]
[EventRounds "7"]
[EventCountry "GCI"]
[SourceTitle "BritBase"]
[Source "John Saunders"]
[SourceDate "2024.12.27"]
[SourceVersion "1"]
[SourceVersionDate "2024.12.27"]
[SourceQuality "1"]

1. d4 Nf6 2. c4 g6 3. Nc3 Bg7 4. e4 d6 5. f4 O-O 6. Nf3 c5 7. d5 e6 8. Be2 exd5 9. cxd5 Re8 10. Nd2 a6 11. a4 Ng4 12. Bxg4 Qh4+ 13. g3 Qxg4 14. Qxg4 Bxg4 15. Kf2 Bd4+ 16. Kg2 f5 17. h3 Bh5 18. Re1 g5 19. Nc4 fxe4 20. Nxd6 Bf3+ 21. Kh2 Nd7 22. Be3 gxf4 23. gxf4 Rf8 24. Rg1+ Kh8 25. Bxd4+ cxd4 26. Ncxe4 Bxe4 27. Nxe4 Rxf4 28. Rae1 Ne5 29. Ng5 Ng6 30. Ne6 Rf2+ 31. Kg3 Rf5 32. d6 Rg8 33. Kh2 Rd5 34. Ng5 Rf8 35. Re7 Rxg5 36. Rxg5 Nxe7 37. dxe7 Re8 38. Re5 Kg7 39. Kg3 Kf6 40. Rd5 Rxe7 41. Rxd4 Re3+ 42. Kf4 Rxh3 43. Rd6+ Kg7 44. Rb6 Rh4+ 45. Kg5 Rxa4 46. Rxb7+ Kg8 47. b4 Ra1 48. Rb8+ Kf7 49. Rb7+ Ke6 50. Rxh7 Kd5 51. Rc7 Ra4 52. Rc5+ Kd6 53. Ra5 Rxa5+ 54. bxa5 Kc5 55. Kf4 Kb5 56. Ke3 Kxa5 57. Kd2 Kb4 58. Kc1 Kb3 1/2-1/2

[Event "Guernsey Open 48th"]
[Site "Guernsey"]
[Date "2024.10.16"]
[Round "4"]
[White "Rowe, Oliver"]
[Black "Krueger, Malte"]
[Result "1/2-1/2"]
[WhiteElo "1721"]
[BlackElo "1821"]
[PlyCount "63"]
[EventDate "2024.10.13"]
[EventType "swiss"]
[EventRounds "7"]
[EventCountry "GCI"]
[SourceTitle "BritBase"]
[Source "John Saunders"]
[SourceDate "2024.12.27"]
[SourceVersion "1"]
[SourceVersionDate "2024.12.27"]
[SourceQuality "1"]

1. d4 c6 2. Bf4 Qb6 3. b3 Nf6 4. Nf3 d5 5. e3 Nh5 6. Bg5 h6 7. Bh4 g5 8. Ne5 Nf6 9. Bg3 Bf5 10. Bd3 Bxd3 11. Qxd3 Nbd7 12. Nd2 Bg7 13. O-O Nxe5 14. Bxe5 O-O-O 15. c4 Rdg8 16. Bxf6 Bxf6 17. cxd5 cxd5 18. Qf5+ Kb8 19. Rac1 Qd8 20. Rc5 e6 21. Qd3 Be7 22. Rc2 g4 23. Rfc1 Qd6 24. Qc3 f5 25. Qc7+ Qxc7 26. Rxc7 Bd6 27. R7c2 Rc8 28. Rxc8+ Rxc8 29. Rxc8+ Kxc8 30. f4 Kc7 31. Kf2 b5 32. Ke2 1/2-1/2

[Event "Guernsey Open 48th"]
[Site "Guernsey"]
[Date "2024.10.16"]
[Round "4"]
[White "Morgan, Jamie"]
[Black "Warner, Nicholas"]
[Result "1-0"]
[WhiteElo "1807"]
[BlackElo "1796"]
[PlyCount "51"]
[EventDate "2024.10.13"]
[EventType "swiss"]
[EventRounds "7"]
[EventCountry "GCI"]
[SourceTitle "BritBase"]
[Source "John Saunders"]
[SourceDate "2024.12.27"]
[SourceVersion "1"]
[SourceVersionDate "2024.12.27"]
[SourceQuality "1"]

1. e4 c6 2. Nc3 d5 3. Nf3 Bg4 4. h3 Bh5 5. exd5 cxd5 6. Bb5+ Nc6 7. g4 Bg6 8. Ne5 Rc8 9. d4 e6 10. Qe2 Qe7 11. h4 f6 12. h5 Bf7 13. Bxc6+ bxc6 14. Qa6 Qc7 15. Nd3 Bd6 16. Be3 Ne7 17. Na4 O-O 18. O-O-O Rb8 19. Ndc5 Bxc5 20. Nxc5 Rb6 21. Qe2 Rfb8 22. b3 e5 23. Na6 Rxa6 24. Qxa6 exd4 25. Rxd4 c5 26. Bf4 1-0

[Event "Guernsey Open 48th"]
[Site "Guernsey"]
[Date "2024.10.17"]
[Round "5"]
[White "Giulian, Philip M"]
[Black "Smith, Olivia"]
[Result "0-1"]
[WhiteElo "2059"]
[BlackElo "2106"]
[PlyCount "84"]
[EventDate "2024.10.13"]
[EventType "swiss"]
[EventRounds "7"]
[EventCountry "GCI"]
[SourceTitle "BritBase"]
[Source "John Saunders"]
[SourceDate "2024.12.27"]
[SourceVersion "1"]
[SourceVersionDate "2024.12.27"]
[SourceQuality "1"]

1. c4 Nf6 2. Nf3 g6 3. Nc3 Bg7 4. e4 d6 5. d4 O-O 6. Be2 Nc6 7. O-O e5 8. d5 Ne7 9. b4 a5 10. bxa5 Rxa5 11. a4 b6 12. Ba3 Ne8 13. Bb4 Ra8 14. h3 c5 15. dxc6 Nxc6 16. Rb1 Be6 17. Nd5 h6 18. Bd2 f5 19. Be3 fxe4 20. Bxb6 Qd7 21. Nd2 Nd4 22. Bxd4 exd4 23. Nb6 Qc6 24. Nxa8 Qxa8 25. Bg4 Bf7 26. Bd7 Nf6 27. Bb5 Qa7 28. Nb3 Nh5 29. Re1 d5 30. c5 Nf4 31. Nxd4 Qxc5 32. Nb3 Qa7 33. Qd2 Be6 34. Qe3 d4 35. Qxe4 Qf7 36. Nc5 Bd5 37. Qc2 Nxg2 38. Ne4 Nf4 39. Bf1 d3 40. Qd1 Bd4 41. Qf3 Nxh3+ 42. Qxh3 Bxe4 0-1

[Event "Guernsey Open 48th"]
[Site "Guernsey"]
[Date "2024.10.17"]
[Round "5"]
[White "Arkell, Keith C"]
[Black "Dilleigh, Stephen P"]
[Result "1-0"]
[WhiteElo "2373"]
[BlackElo "2029"]
[PlyCount "123"]
[EventDate "2024.10.13"]
[EventType "swiss"]
[EventRounds "7"]
[EventCountry "GCI"]
[SourceTitle "BritBase"]
[Source "John Saunders"]
[SourceDate "2024.12.27"]
[SourceVersion "1"]
[SourceVersionDate "2024.12.27"]
[SourceQuality "1"]

1. g3 d5 2. Nf3 Nf6 3. Bg2 c6 4. O-O Bg4 5. Ne5 Bf5 6. c4 Nbd7 7. d4 e6 8. Qb3 Qb6 9. Nxd7 Nxd7 10. c5 Qxb3 11. axb3 Be7 12. b4 Bxb1 13. Rxb1 O-O 14. Ra1 a6 15. Bf4 Rfe8 16. g4 Bf6 17. Rfd1 e5 18. dxe5 Bxe5 19. Bxe5 Nxe5 20. Rd4 Ng6 21. e3 Nf8 22. g5 Ne6 23. Rg4 Rad8 24. Rd1 g6 25. h4 Kg7 26. Bh3 f5 27. gxf6+ Kxf6 28. Rg3 Rg8 29. Kh2 Rgf8 30. Rf3+ Ke7 31. Rxf8 Rxf8 32. Kg2 h6 33. f4 Ng7 34. Kf3 Ne6 35. Ke2 Rg8 36. Rg1 Rg7 37. Kf3 Kf6 38. h5 Nd8 39. hxg6 Rxg6 40. Rh1 Rg7 41. Bg4 Rh7 42. Rh5 Rh8 43. Re5 Rg8 44. Bc8 Rh8 45. Kg4 Rg8+ 46. Kh5 Rh8 47. Bg4 Rg8 48. Bd7 Rg7 49. Rf5+ Ke7 50. Bc8 Rg8 51. Re5+ Kf6 52. Bg4 Rh8 53. e4 d4 54. Rf5+ Ke7 55. e5 d3 56. Rf6 Nf7 57. Rg6 Rd8 58. Rg7 d2 59. e6 d1=Q 60. Rxf7+ Ke8 61. Bxd1 Rxd1 62. f5 1-0

[Event "Guernsey Open 48th"]
[Site "Guernsey"]
[Date "2024.10.17"]
[Round "5"]
[White "Kirby, Peter J"]
[Black "Toma, Katarzyna"]
[Result "1/2-1/2"]
[WhiteElo "1998"]
[BlackElo "2165"]
[PlyCount "110"]
[EventDate "2024.10.13"]
[EventType "swiss"]
[EventRounds "7"]
[EventCountry "GCI"]
[SourceTitle "BritBase"]
[Source "John Saunders"]
[SourceDate "2024.12.27"]
[SourceVersion "1"]
[SourceVersionDate "2024.12.27"]
[SourceQuality "1"]

1. Nf3 c5 2. c4 Nc6 3. d4 cxd4 4. Nxd4 g6 5. e4 Bg7 6. Be3 Nf6 7. Nc3 d6 8. Be2 Nxd4 9. Bxd4 O-O 10. O-O a5 11. b3 Bd7 12. f3 Bc6 13. Qd2 Nd7 14. Be3 Nc5 15. Rac1 Qb6 16. Nd5 Bxd5 17. cxd5 Qb4 18. Rc4 Qxd2 19. Bxd2 b5 20. Rc2 b4 21. Be3 a4 22. Bxc5 dxc5 23. Bc4 Bd4+ 24. Kh1 axb3 25. Bxb3 Kg7 26. f4 h6 27. g3 g5 28. h3 Ra6 29. f5 Kf6 30. Kg2 Ke5 31. Re1 Bc3 32. Rd1 Rd8 33. g4 f6 34. Kf3 Bd4 35. Bc4 Ra3+ 36. Bb3 Rh8 37. h4 gxh4 38. Rc4 Ra6 39. Rh1 h5 40. Rxh4 hxg4+ 41. Rxg4 Rh3+ 42. Kg2 Re3 43. Rc1 Re2+ 44. Kf3 Re3+ 45. Kg2 Ra8 46. Rh1 Rc8 47. Rh7 Kd6 48. Bc4 Rc7 49. Rh8 Rc3 50. Rd8+ Rd7 51. Rc8 Rc2+ 52. Kf3 Rc7 53. Rd8+ Rd7 54. Rc8 Rc7 55. Rd8+ Rd7 1/2-1/2

[Event "Guernsey Open 48th"]
[Site "Guernsey"]
[Date "2024.10.17"]
[Round "5"]
[White "Curtis, John E"]
[Black "Johnsen, Gunnar"]
[Result "0-1"]
[WhiteElo "2021"]
[BlackElo "2071"]
[PlyCount "80"]
[EventDate "2024.10.13"]
[EventType "swiss"]
[EventRounds "7"]
[EventCountry "GCI"]
[SourceTitle "BritBase"]
[Source "John Saunders"]
[SourceDate "2024.12.27"]
[SourceVersion "1"]
[SourceVersionDate "2024.12.27"]
[SourceQuality "1"]

1. d4 e6 2. g3 f5 3. Bg2 Nf6 4. Nh3 Be7 5. O-O O-O 6. b3 d5 7. Bb2 a5 8. c4 c6 9. Nc3 b6 10. Nf4 Bd6 11. Nd3 Nbd7 12. Rc1 Ba6 13. Re1 Rc8 14. cxd5 cxd5 15. Qd2 Qe7 16. h4 Ne4 17. Nxe4 fxe4 18. Ne5 Nxe5 19. dxe5 Bc5 20. e3 Bb4 21. Bc3 Bxc3 22. Rxc3 Rxc3 23. Qxc3 Rc8 24. Qd4 Qc5 25. Bf1 Qxd4 26. exd4 Bxf1 27. Kxf1 b5 28. Re2 Kf7 29. Ke1 b4 30. Kd2 Kg6 31. Re3 Rf8 32. Ke1 Kh5 33. Re2 Rc8 34. Kf1 Kg4 35. Kg2 Rc3 36. Rd2 e3 37. f3+ Kf5 38. Re2 Rd3 39. Kf1 Rxd4 40. Rxe3 Rd2 0-1

[Event "Guernsey Open 48th"]
[Site "Guernsey"]
[Date "2024.10.17"]
[Round "5"]
[White "Thurlow, Kevin J"]
[Black "Strade, Arita"]
[Result "0-1"]
[WhiteElo "2002"]
[BlackElo "1949"]
[PlyCount "88"]
[EventDate "2024.10.13"]
[EventType "swiss"]
[EventRounds "7"]
[EventCountry "GCI"]
[SourceTitle "BritBase"]
[Source "John Saunders"]
[SourceDate "2024.12.27"]
[SourceVersion "1"]
[SourceVersionDate "2024.12.27"]
[SourceQuality "1"]

1. c4 Nf6 2. Nc3 g6 3. d4 Bg7 4. e4 d6 5. f3 O-O 6. Be3 Nbd7 7. Qd2 c5 8. d5 Re8 9. Be2 a6 10. h4 h5 11. g4 Ne5 12. g5 Nh7 13. a4 b6 14. Nh3 Nf8 15. Nf2 f5 16. gxf6 exf6 17. O-O-O b5 18. Bh6 Nxc4 19. Bxc4 bxc4 20. Bxg7 Kxg7 21. Qe2 Rb8 22. Qxc4 Rb4 23. Qe2 c4 24. Rd4 Qb6 25. Qd2 Nd7 26. a5 Qb7 27. Qe2 Ne5 28. Rh2 Qa7 29. Rd1 Qc5 30. Rg2 Qxa5 31. Kc2 Bd7 32. f4 Reb8 33. Rb1 Ba4+ 34. Kc1 Nd3+ 35. Nxd3 cxd3 36. Qxd3 Qc5 37. Qg3 Be8 38. f5 Rxe4 39. Rc2 Rg4 40. Qd3 Qg1+ 41. Nd1 Rd4 42. Rc7+ Bf7 43. Qf3 Qe1 44. Rc2 Rc8 0-1

[Event "Guernsey Open 48th"]
[Site "Guernsey"]
[Date "2024.10.17"]
[Round "5"]
[White "Giulian, Rosemary A"]
[Black "Wager, John D"]
[Result "0-1"]
[WhiteElo "1894"]
[BlackElo "1980"]
[PlyCount "166"]
[EventDate "2024.10.13"]
[EventType "swiss"]
[EventRounds "7"]
[EventCountry "GCI"]
[SourceTitle "BritBase"]
[Source "John Saunders"]
[SourceDate "2024.12.27"]
[SourceVersion "1"]
[SourceVersionDate "2024.12.27"]
[SourceQuality "1"]

1. e4 c6 2. d4 d5 3. e5 Bf5 4. Nd2 e6 5. Nb3 Be7 6. Nf3 h5 7. a4 Nd7 8. Be2 Qc7 9. c3 c5 10. dxc5 Nxc5 11. Nbd4 Be4 12. O-O Nh6 13. h3 Nf5 14. Nxf5 Bxf5 15. Be3 a6 16. Bd4 g5 17. Nh2 Bg6 18. Re1 Nd7 19. Bd3 Bxd3 20. Qxd3 O-O-O 21. Rac1 Nc5 22. Qd1 Kb8 23. b4 Nd7 24. Nf1 Nb6 25. Nd2 Nc4 26. b5 Ka8 27. g3 Nxd2 28. Qxd2 Qc4 29. Ra1 Rhg8 30. Reb1 Rb8 31. Rb2 Rgc8 32. Qd1 Bc5 33. Rab1 h4 34. g4 Ba3 35. Rb3 Bc5 36. Bxc5 Qxc5 37. bxa6 bxa6 38. Qd3 Qc4 39. Rxb8+ Rxb8 40. Rxb8+ Kxb8 41. Qb1+ Kc7 42. Qh7 Qf4 43. Qd3 Qxa4 44. Qe3 Qf4 45. Qc5+ Kb7 46. Qe7+ Kb6 47. Qd6+ Kb5 48. Qc7 a5 49. Qd7+ Kc4 50. Qa4+ Kxc3 51. Qxa5+ Kd4 52. Qa1+ Kd3 53. Qa6+ Qc4 54. Qb7 Qc3 55. Qxf7 Ke2 56. Kg2 Qxe5 57. Qf3+ Ke1 58. Qb3 Qe4+ 59. Kg1 d4 60. Qb4+ Ke2 61. Qb2+ Kf3 62. Qb4 d3 63. Qf8+ Ke2 64. Qa3 Qc4 65. Qa1 d2 66. Qf1+ Kf3 67. Qxc4 d1=Q+ 68. Kh2 Kxf2 69. Qc5+ Kf3 70. Qf8+ Ke4 71. Qa8+ Qd5 72. Qa4+ Ke5 73. Qa1+ Qd4 74. Qa5+ Kf6 75. Qa6 Qf2+ 76. Kh1 Qf3+ 77. Kg1 Qg3+ 78. Kf1 Qxh3+ 79. Ke1 Qg3+ 80. Kd2 Qxg4 81. Qa1+ Kg6 82. Qb1+ Qf5 83. Qb6 h3 0-1